000
00285nam a2200109Ia 4500
001
1263954
005
20260417141929.0
008
260417s9999 xx 000 0 und d
020
_a
9786256126800
245
0
_a
Sizi Buraya Ne Getirdi?
_c
Nursena Balatekin
260
_b
Ketebe Yayınları
999
_c
1263954
_d
1263954